|
|
|
|
| LEADER |
00000nam0a2200000 4500 |
| 001 |
364575 |
| 005 |
20231102011713.0 |
| 035 |
|
|
|a (RuTPU)RU\TPU\retro\21933
|
| 035 |
|
|
|a RU\TPU\book\113891
|
| 090 |
|
|
|a 364575
|
| 100 |
|
|
|a 20211122d1981 m y0rusy50 ca
|
| 101 |
1 |
|
|a eng
|c rus
|
| 102 |
|
|
|a RU
|
| 105 |
|
|
|a a j 001zy
|
| 200 |
1 |
|
|a Теория и расчет криогенных систем
|d Theory and Design of Cryogenic Systems
|f А. М. Архаров, И. В. Марфенина, Е. И. Микулин
|g пер. В. Кузнецова
|
| 210 |
|
|
|a Москва
|c Мир
|d 1981
|
| 215 |
|
|
|a 430 с.
|c ил.
|
| 300 |
|
|
|a На английском языке
|
| 320 |
|
|
|a Библиогр.: с. 422-423
|
| 320 |
|
|
|a Предм. указ.: с. 424-430
|
| 454 |
|
1 |
|0 (RuTPU)RU\TPU\book\113891
|t Теория и расчет криогенных систем
|o учебник для вузов
|f А. М. Архаров, И. В. Марфенина, Е. И. Микулин
|c Москва
|n Машиностроение
|d 1978
|p 415 с.
|a Архаров, Алексей Михайлович
|
| 510 |
1 |
|
|a Theory and Design of Cryogenic Systems
|z eng
|
| 606 |
1 |
|
|a Криогенераторы
|2 stltpush
|3 (RuTPU)RU\TPU\subj\16264
|9 42398
|
| 610 |
1 |
|
|a криогенная техника
|
| 610 |
1 |
|
|a криогенные процессы
|
| 610 |
1 |
|
|a криогенные машины
|
| 610 |
1 |
|
|a теория
|
| 610 |
1 |
|
|a расчет
|
| 610 |
1 |
|
|a криогенные системы
|
| 610 |
1 |
|
|a низкие температуры
|
| 610 |
1 |
|
|a получение
|
| 610 |
1 |
|
|a газовые смеси
|
| 610 |
1 |
|
|a разделение
|
| 610 |
1 |
|
|a теплопроводность
|
| 610 |
1 |
|
|a учебники
|
| 610 |
1 |
|
|a английский язык
|
| 675 |
|
|
|a 621.59(075.8)
|v 3
|
| 700 |
|
1 |
|a Архаров
|b А. М.
|g Алексей Михайлович
|
| 701 |
|
1 |
|a Марфенина
|b И. В.
|g Ирина Васильевна
|
| 701 |
|
1 |
|a Микулин
|b Е. И.
|g Евгений Иванович
|
| 702 |
|
1 |
|a Кузнецов
|b В.
|4 730
|
| 801 |
|
1 |
|a RU
|b 63413507
|c 20061117
|g PSBO
|
| 801 |
|
2 |
|a RU
|b 63413507
|c 20211122
|g PSBO
|
| 942 |
|
|
|c BK
|